000
00251nam a22000977a 4500
999
_c
516875
_d
516875
082
_a
TNC T0 K528
100
_a
Khosla, I. P. (ed.)
_9
23624
245
_a
Economic diplomacy
_c
edited by I. P. Khosla
260
_a
Delhi
_b
Konark Pub.
_c
2006
300
_a
268p.